00297nam a2200121Ia 45000030006000000080041000060400015000471000018000622450057000802600009001375460012001460050017001580STCL150530s9999 xx 000 0 und d aSTCLcSTCL aStone: Editor aTwentieth century interpretations of the ambassadors c1969 aEnglish20220125171355.0